00529 2200193 4500001002100000005001500021035002000036007000300056008004100059020002200100082001000122084001600132100001100148245005700159260003400216300004500250650001000295856003000305INLIS00000000000023320231109092452 a0010-1123000016ta231109 g 0 ind  a978-602-344-300-6 a633.7 a633.7 RUB k0 aRubiyo1 aKakao :bBudidaya dengan Pengelolaan Tanaman terpadu aJakarta :bIAARD Press,c2019 axvi,; 154 hlm :billus, ;c15 cm x 21 cm 4akakao aperpustakaan bpsip sumbar